La recepción del derecho romano en la Argentina
Gespeichert in:
| 1. Verfasser: | |
|---|---|
| Format: | Buch |
| Sprache: | Spanisch |
| Veröffentlicht: |
Córdoba
Alveroni
2000
|
| Schlagworte: | |
| Tags: |
Tag hinzufügen
Keine Tags, Fügen Sie den ersten Tag hinzu!
|
MARC
| LEADER | 00000nam a2200000 a 4500 | ||
|---|---|---|---|
| 001 | UCO9918 | ||
| 003 | CL-VaPUC | ||
| 008 | 010316e20000000AG |||||||||||||||||spa|d | ||
| 020 | |a 9879233484 | ||
| 082 | 0 | 4 | |a 340.54 |b DIA |2 21 |
| 100 | 0 | |a Díaz Bialet, Agustín |e author |9 455142 | |
| 245 | 1 | 3 | |a La recepción del derecho romano en la Argentina |
| 300 | |a 77 p | ||
| 942 | |c BK | ||
| 945 | |d 20010316 00:00:00 |a vberengu | ||
| 260 | |a Córdoba |b Alveroni |c 2000 | ||
| 650 | 0 | |a Derecho romano |9 255930 | |
| 650 | 0 | |a Derecho civil argentino |9 398477 | |
| 650 | 7 | |a POLITICA JURIDICA |2 CL-VaPUC |9 393327 | |
| 650 | 7 | |a INTERPRETACION DEL DERECHO |2 CL-VaPUC |9 455143 | |
| 651 | 0 | |a Argentina |9 254888 | |
| 583 | |a last modification |c 20010316 00:00:00 |k Rodrigo Vera | ||
| 999 | |c 293933 |d 293931 | ||
| 952 | |0 0 |1 0 |4 0 |6 340_540000000000000_DIA_2000 |7 0 |8 A |9 345719 |a BIBDER |b BIBDER |d 2019-11-20 |i 3699986 |o 340.54 DIA 2000 |p 3699986 |r 2023-01-25 |w 2019-11-20 |y BK |k DER | ||
| 952 | |0 0 |1 0 |4 0 |6 340_540000000000000_DIA_2000 |7 0 |8 DER_HDC |9 345720 |a BIBDER |b BIBDER |d 2019-11-20 |i 3928292 |o 340.54 DIA 2000 |p 3928292 |r 2023-01-25 |w 2019-11-20 |x Ubicación 4to Piso |y BK |z Estos recursos deben solicitarse con anticipación |k DER | ||